000 00870cam a2200277 a 4500
001 4928570
005 20180227082406.0
008 950703s1996 txuab b 001 0 eng d
010 _a 95078532
020 _a0155000365
035 _a(OCoLC)34132776
040 _aNjP
_cNjP
_dDLC
041 _aeng
042 _alccopycat
043 _an-us---
080 _a973 JOH
082 0 0 _a973 JOH
_220
100 _a16
101 _aHIS
245 0 0 _aLiberty, equality, power :
_cJohn M. Murrin ... [et al.].
246 3 0 _aHistory of the American people
504 _aIncludes bibliographical references and index.
906 _a7
_bcbc
_ccopycat
_d2
_eopcn
_f19
_gy-gencatlg
942 _2ddc
_cBK
999 _c43626
_d43626